Medicine: (Registro nro. 1213)
[ vista simple ]
| 000 -LEADER | |
|---|---|
| fixed length control field | 00509nas a22001577a 4500 |
| 008 - CAMPO DE CONTROL RECURSOS CONTINUADOS | |
| fixed length control field | 130306t19979999ag ||||| |||| 00| 0 spa d |
| 022 ## - INTERNATIONAL STANDARD SERIAL NUMBER | |
| International Standard Serial Number | 0326-0852 |
| 245 ## - TITULO | |
| Titulo | Medicine: |
| Subtítulo y título paralelo | Programa de Formacion Continuada en Medicina Asistencial |
| 260 ## - PUBLICACION, DISTRIBUCION, ETC. (PIE DE IMPRENTA) | |
| Lugar de publicación, distribución, etc | Buenos Aires: |
| Nombre de la editorial, distribuidor, etc. | AP Americana de Publicaciones, |
| Fecha de publicación | 1997 |
| 300 ## - DESCRIPCION FISICA | |
| Extensión | v. : |
| 310 ## - FRECUENCIA ACTUAL DE LA PUBLICACION | |
| Frecuencia actual de la publicación | mensual |
| 546 ## - NOTA DE IDIOMA | |
| Nota de lenguaje | español |
| 590 ## - NOTAS LOCALES (RLIN) | |
| Nota local | existencias: 1997 (1-7); 1998 (18,21); 1999(27,29); 2000(43,47,50); 2001(9) |
| 650 ## - MATERIA-TERMINO TEMATICO | |
| Término temático | EDUCACION MEDICA |
| 9 (RLIN) | 1935 |
| 942 ## - ADDED ENTRY ELEMENTS (KOHA) | |
| Source of classification or shelving scheme | Dewey Decimal Classification |
| Item type | Continuing Resources |
No hay ítems disponibles.